000 00574nam a22002057a 4500
001 sjds
003 sjds
005 20230219140309.0
008 220525b xxu||||| |||| 00| 0 eng d
020 _a9788434891067
_qalso isbn for another title in series
020 _a8434891069
_qalso isbn for another title in series
040 _csjds
041 _aspa
_heng
100 1 0 _aGomez Cerda, Alfredo
245 1 0 _aJorge y el capitan /
_cAlfredo Gomez Cerda.
260 _aMexico :
_bSM,
_c2003, c1988
300 _a1 v.
440 _aEl Barco de Vapor ;
_n 21
942 _cBK
999 _c27039
_d27039